00678nam a2200217Ia 4500003000400000005001700004008004100021020001500062040000700077041000800084082002200092100002700114245007400141250000600215260003900221300001600260365001400276942001200290999001900302952013900321OSt20230428120826.0210423s2006 xx 000 0 und d a8122901980 cAL aeng a302.23 223bWOOA aWOOD (Aulia T).994789 aCommunication mosaics: an introduction to the field of communication. a4 aAustraliabThomson Press Ltdc2006 axxx,402bPB b3100cINR 2ddccBK c161291d161291 001040708MAJMCaSACPGbSACPGd2013-03-28eKiran Book Centreg3100.00l0o302.23 WOOApPG007773r2022-08-24 00:00:00w2021-04-26yBK